Investment Mathematics and Statistics/ (Record no. 8636)

MARC details
000 -LEADER
fixed length control field 00610nam a22001937a 4500
003 - CONTROL NUMBER IDENTIFIER
control field OSt
005 - DATE AND TIME OF LATEST TRANSACTION
control field 20240619095953.0
008 - FIXED-LENGTH DATA ELEMENTS--GENERAL INFORMATION
fixed length control field 240619b |||||||| |||| 00| 0 eng d
020 ## - INTERNATIONAL STANDARD BOOK NUMBER
International Standard Book Number 1859660746
040 ## - CATALOGING SOURCE
Original cataloging agency MUST
Transcribing agency MUST
082 ## - DEWEY DECIMAL CLASSIFICATION NUMBER
Classification number 332.6 INV 1993
Item number 19
100 ## - MAIN ENTRY--PERSONAL NAME
Personal name Andrew Adams... ( et al)
9 (RLIN) 17489
245 ## - TITLE STATEMENT
Title Investment Mathematics and Statistics/
Statement of responsibility, etc. Andrew Adams... (et al)
260 ## - PUBLICATION, DISTRIBUTION, ETC. (IMPRINT)
Place of publication, distribution, etc. USA:
Name of publisher, distributor, etc. Kluwer Law International Sterling House,
Date of publication, distribution, etc. 1993.
300 ## - PHYSICAL DESCRIPTION
Extent vi,410p.;
Other physical details ill,;
Dimensions 23.8cm.
504 ## - BIBLIOGRAPHY, ETC. NOTE
Bibliography, etc Includes bibliographical Indexes.
650 ## - SUBJECT ADDED ENTRY--TOPICAL TERM
Source of heading or term Mathematics
Topical term or geographic name as entry element statistics
9 (RLIN) 1274
942 ## - ADDED ENTRY ELEMENTS (KOHA)
Source of classification or shelving scheme Dewey Decimal Classification
Koha item type Open Shelf
Holdings
Withdrawn status Lost status Source of classification or shelving scheme Damaged status Not for loan Home library Current library Date acquired Source of acquisition Inventory number Total Checkouts Full call number Barcode Date last seen Price effective from Koha item type
    Other/Generic Classification Scheme     MUST Main Library MUST Main Library 25/06/2024 Donation 03/18141   332.6 INV 1993 19 2024-21185 25/06/2024 25/06/2024 Open Shelf
    Other/Generic Classification Scheme     MUST Main Library MUST Main Library 25/06/2024 Donation 03/18142   332.6 INV 1993 19 2024-21186 25/06/2024 25/06/2024 Open Shelf